00466nam a2200145Ia 4500008004100000020005500041040000800096082001600104100001600120245003900136264001100175942001300186952010400199999001700303231129s9999||||xx |||||||||||||| ||spa|| a84-345-7418-7  bspa a341.2 P872o aPou Victor 0aLas organizaciones internacionales aSalvat 2ddccBKS 00102ddc4070aBRCbBRCd2009-07-09l0o341.2 P872op9438r2023-11-29 21:21:42t1w2023-11-29yBK c18892d18892